[Event "399 Stay Safe Play From Home series"]
[Site "Emanuel Lasker Arena"]
[Date "2020.08.20"]
[Round "7"]
[White "ionelluca"]
[Black "Padmaesh M K"]
[Result "0-1"]
[WhiteElo "2026"]
[BlackElo "1809"]
[Annotator "NA"]
[PlyCount "114"]
[EventDate "2020.08.20"]
[EventType "swiss (blitz)"]

1. c4 {[%emt 0:00:02]} g6 {[%emt 0:00:02]} 2. Nc3 {[%emt 0:00:03]} Bg7 {[%emt 0:00:01]} 3. g3 {[%emt 0:00:01]} Nf6 {[%emt 0:00:01]} 4. Bg2 {[%emt 0:00:01]} O-O {[%emt 0:00:01]} 5. d3 {[%emt 0:00:01]} c6 {[%emt 0:00:01]} 6. Bd2 {[%emt 0:00:01]} d5 {[%emt 0:00:01]} 7. Rb1 {[%emt 0:00:03]} e5 {[%emt 0:00:02]} 8. Qc1 {[%emt 0:00:03]} d4 {[%emt 0:00:01]} 9. Ne4 {[%emt 0:00:04]} Nxe4 {[%emt 0:00:02]} 10. dxe4 {[%emt 0:00:01]} f5 {[%emt 0:00:02]} 11. b4 {[%emt 0:00:07]} fxe4 {[%emt 0:00:02]} 12. Bxe4 {[%emt 0:00:01]} Bf5 {[%emt 0:00:02]} 13. Qc2 {[%emt 0:00:05]} Nd7 {[%emt 0:00:07]} 14. a4 {[%emt 0:00:12]} Qf6 {[%emt 0:00:21]} 15. Bxf5 {[%emt 0:00:03]} Qxf5 {[%emt 0:00:02]} 16. Qxf5 {[%emt 0:00:01]} Rxf5 {[%emt 0:00:00]} 17. f3 {[%emt 0:00:01]} Re8 {[%emt 0:00:05]} 18. e4 {[%emt 0:00:16]} dxe3 {[%emt 0:00:02]} 19. Bxe3 {[%emt 0:00:01]} e4 {[%emt 0:00:01]} 20. f4 {[%emt 0:00:11]} Nf6 {[%emt 0:00:16]} 21. Ne2 {[%emt 0:00:07]} Ng4 {[%emt 0:00:01]} 22. Rb3 {[%emt 0:00:01]} b6 {[%emt 0:00:15]} 23. h3 {[%emt 0:00:01]} Nxe3 {[%emt 0:00:02]} 24. Rxe3 {[%emt 0:00:01]} c5 {[%emt 0:00:04]} 25. g4 {[%emt 0:00:22]} Rf7 {[%emt 0:00:02]} 26. b5 {[%emt 0:00:13]} Bd4 {[%emt 0:00:05]} 27. Rb3 {[%emt 0:00:03]} Rd7 {[%emt 0:00:08]} 28. Kf1 {[%emt 0:00:06]} Bg7 {[%emt 0:00:22]} 29. Kf2 {[%emt 0:00:01]} Rd3 {[%emt 0:00:09]} 30. Rhb1 {[%emt 0:00:04]} Red8 {[%emt 0:00:04]} 31. Ke1 {[%emt 0:00:02]} Kf7 {[%emt 0:00:10]} 32. Kf2 {[%emt 0:00:03]} Bd4+ {[%emt 0:00:03]} 33. Ke1 {[%emt 0:00:02]} Be3 {[%emt 0:00:05]} 34. Ng3 {[%emt 0:00:05]} Bxf4 {[%emt 0:00:09]} 35. Nxe4 {[%emt 0:00:02]} Rxb3 {[%emt 0:00:03]} 36. Rxb3 {[%emt 0:00:01]} Re8 {[%emt 0:00:00]} 37. Rf3 {[%emt 0:00:04]} Rxe4+ {[%emt 0:00:01]} 38. Kf2 {[%emt 0:00:01]} Ke6 {[%emt 0:00:01]} 39. Rd3 {[%emt 0:00:01]} Be5 {[%emt 0:00:00]} 40. Rd8 {[%emt 0:00:01]} Rf4+ {[%emt 0:00:00]} 41. Ke2 {[%emt 0:00:01]} Rf7 {[%emt 0:00:01]} 42. Re8+ {[%emt 0:00:01]} Re7 {[%emt 0:00:00]} 43. Rg8 {[%emt 0:00:01]} Bg7 {[%emt 0:00:00]} 44. Rc8 {[%emt 0:00:02]} Bf6 {[%emt 0:00:00]} 45. Kd3 {[%emt 0:00:02]} Bd4 {[%emt 0:00:00]} 46. Rc6+ {[%emt 0:00:02]} Kf7 {[%emt 0:00:00]} 47. Rc8 {[%emt 0:00:01]} Re3+ {[%emt 0:00:00]} 48. Kd2 {[%emt 0:00:01]} Re7 {[%emt 0:00:00]} 49. Rd8 {[%emt 0:00:02]} Ke6 {[%emt 0:00:00]} 50. Rd5 {[%emt 0:00:01]} Kf7 {[%emt 0:00:00]} 51. Kd3 {[%emt 0:00:01]} Re3+ {[%emt 0:00:00]} 52. Kc2 {[%emt 0:00:01]} Rxh3 {[%emt 0:00:00]} 53. Kd1 {[%emt 0:00:01]} Ke6 {[%emt 0:00:00]} 54. Ke2 {[%emt 0:00:01]} Rh1 {[%emt 0:00:00]} 55. Kf3 {[%emt 0:00:01]} Rh2 {[%emt 0:00:00]} 56. Kg3 {[%emt 0:00:01]} Rf2 {[%emt 0:00:00]} 57. Kh3 {[%emt 0:00:01]} Rd2 {[%emt 0:00:00] Time Time Time (Lag: Av=0.54s, max=1.0s) (Lag: Av=0.54s, max=1.0s) (Lag: Av=0.54s, max=1.0s)} 0-1

[Event "399 Stay Safe Play From Home series"]
[Site "Emanuel Lasker Arena"]
[Date "2020.08.20"]
[Round "7"]
[White "Kongle"]
[Black "Mepe_Nika"]
[Result "0-1"]
[WhiteElo "1790"]
[BlackElo "2331"]
[PlyCount "46"]
[EventDate "2020.08.20"]
[EventType "swiss (blitz)"]

1. d4 {[%emt 0:00:04]} d5 {[%emt 0:00:01]} 2. c4 {[%emt 0:00:02]} c6 {[%emt 0:00:01]} 3. Nc3 {[%emt 0:00:01]} Nf6 {[%emt 0:00:01]} 4. cxd5 {[%emt 0:00:01]} cxd5 {[%emt 0:00:00]} 5. Bg5 {[%emt 0:00:02]} Ne4 {[%emt 0:00:02]} 6. Nxe4 {[%emt 0:00:02]} dxe4 {[%emt 0:00:01]} 7. Qd2 {[%emt 0:00:06]} Nc6 {[%emt 0:00:02]} 8. e3 {[%emt 0:00:02]} f6 {[%emt 0:00:10]} 9. Bh4 {[%emt 0:00:05]} e5 {[%emt 0:00:01]} 10. d5 {[%emt 0:00:02]} Bb4 {[%emt 0:00:02]} 11. O-O-O {[%emt 0:00:11]} Bxd2+ {[%emt 0:00:03]} 12. Rxd2 {[%emt 0:00:01]} Nb4 {[%emt 0:00:07]} 13. Bb5+ {[%emt 0:00:09]} Bd7 {[%emt 0:00:02]} 14. Bxd7+ {[%emt 0:00:08]} Qxd7 {[%emt 0:00:00]} 15. Kb1 {[%emt 0:00:02]} Rc8 {[%emt 0:00:03]} 16. Ne2 {[%emt 0:00:02]} O-O {[%emt 0:00:05]} 17. Nc3 {[%emt 0:00:03]} Nd3 {[%emt 0:00:03]} 18. f3 {[%emt 0:00:05]} Rxc3 {[%emt 0:00:11]} 19. bxc3 {[%emt 0:00:03]} Qxd5 {[%emt 0:00:01]} 20. Rhd1 {[%emt 0:00:20]} Rc8 {[%emt 0:00:07]} 21. Rc2 {[%emt 0:00:08]} exf3 {[%emt 0:00:06]} 22. gxf3 {[%emt 0:00:07]} Qxf3 {[%emt 0:00:00]} 23. Rxd3 {[%emt 0:00:07]} Qf1+ {[%emt 0:00:01] Kongle resigns Kongle resigns Kongle resigns (Lag: Av=0.65s, max=0.9s) (Lag: Av=0.65s, max=0.9s) (Lag: Av=0.65s, max=0.9s)} 0-1

[Event "399 Stay Safe Play From Home series"]
[Site "Emanuel Lasker Arena"]
[Date "2020.08.20"]
[Round "7"]
[White "Klasman"]
[Black "AChessPlayer"]
[Result "0-1"]
[WhiteElo "1558"]
[BlackElo "2439"]
[PlyCount "44"]
[EventDate "2020.08.20"]
[EventType "swiss (blitz)"]

1. f4 {[%emt 0:00:11]} d5 {[%emt 0:00:02]} 2. e3 {[%emt 0:00:01]} Bf5 {[%emt 0:00:07]} 3. c4 {[%emt 0:00:03]} dxc4 {[%emt 0:00:11]} 4. Bxc4 {[%emt 0:00:08]} e6 {[%emt 0:00:01]} 5. g4 {[%emt 0:00:12]} Be4 {[%emt 0:00:05]} 6. Nf3 {[%emt 0:00:08]} Nd7 {[%emt 0:00:12]} 7. d3 {[%emt 0:00:03]} Bc6 {[%emt 0:00:04]} 8. O-O {[%emt 0:00:09]} Ngf6 {[%emt 0:00:07]} 9. Nc3 {[%emt 0:00:06]} Nxg4 {[%emt 0:00:05]} 10. h3 {[%emt 0:00:10]} Ngf6 {[%emt 0:00:07]} 11. Nd4 {[%emt 0:00:09]} Bc5 {[%emt 0:00:16]} 12. Nxc6 {[%emt 0:00:05]} bxc6 {[%emt 0:00:02]} 13. Qf3 {[%emt 0:00:04]} Nd5 {[%emt 0:00:03]} 14. Kh2 {[%emt 0:00:12]} N7f6 {[%emt 0:00:10]} 15. e4 {[%emt 0:00:03]} Nb6 {[%emt 0:00:06]} 16. Bb3 {[%emt 0:00:08]} a5 {[%emt 0:00:03]} 17. Bc2 {[%emt 0:00:09]} a4 {[%emt 0:00:08]} 18. Be3 {[%emt 0:00:08]} Bd4 {[%emt 0:00:03]} 19. Bxd4 {[%emt 0:00:15]} Qxd4 {[%emt 0:00:01]} 20. f5 {[%emt 0:00:03]} e5 {[%emt 0:00:02]} 21. Qg3 {[%emt 0:00:23]} a3 {[%emt 0:00:05]} 22. Ne2 {[%emt 0:00:06]} Qxb2 {[%emt 0:00:02] Time Time Time (Lag: Av=0.57s, max=0.8s) (Lag: Av=0.57s, max=0.8s) (Lag: Av=0.57s, max=0.8s)} 0-1

[Event "399 Stay Safe Play From Home series"]
[Site "Emanuel Lasker Arena"]
[Date "2020.08.20"]
[Round "7"]
[White "Matematyk3"]
[Black "buzaglo"]
[Result "0-1"]
[WhiteElo "1499"]
[BlackElo "1758"]
[Annotator "NA"]
[PlyCount "130"]
[EventDate "2020.08.20"]
[EventType "swiss (blitz)"]

1. d4 {[%emt 0:00:12]} d5 {[%emt 0:00:02]} 2. c4 {[%emt 0:00:00]} e6 {[%emt 0:00:02]} 3. Nf3 {[%emt 0:00:00]} Nf6 {[%emt 0:00:01]} 4. e3 {[%emt 0:00:00]} Bb4+ {[%emt 0:00:02]} 5. Bd2 {[%emt 0:00:01]} Bxd2+ {[%emt 0:00:01]} 6. Qxd2 {[%emt 0:00:00]} O-O {[%emt 0:00:00]} 7. cxd5 {[%emt 0:00:02]} exd5 {[%emt 0:00:02]} 8. Nc3 {[%emt 0:00:00]} c6 {[%emt 0:00:01]} 9. Bd3 {[%emt 0:00:01]} Re8 {[%emt 0:00:02]} 10. O-O {[%emt 0:00:01]} Nbd7 {[%emt 0:00:02]} 11. Rfe1 {[%emt 0:00:00]} c5 {[%emt 0:00:02]} 12. dxc5 {[%emt 0:00:01]} Nxc5 {[%emt 0:00:00]} 13. Bc2 {[%emt 0:00:02]} Nce4 {[%emt 0:00:02]} 14. Nxe4 {[%emt 0:00:02]} Nxe4 {[%emt 0:00:01]} 15. Bxe4 {[%emt 0:00:02]} dxe4 {[%emt 0:00:00]} 16. Qxd8 {[%emt 0:00:02]} Rxd8 {[%emt 0:00:00]} 17. Ng5 {[%emt 0:00:03]} Bf5 {[%emt 0:00:02]} 18. f3 {[%emt 0:00:05]} exf3 {[%emt 0:00:02]} 19. Nxf3 {[%emt 0:00:01]} Rac8 {[%emt 0:00:04]} 20. Nd4 {[%emt 0:00:09]} Bg6 {[%emt 0:00:07]} 21. Rac1 {[%emt 0:00:06]} Rb8 {[%emt 0:00:08]} 22. Nb5 {[%emt 0:00:05]} a6 {[%emt 0:00:02]} 23. Nd4 {[%emt 0:00:04]} Re8 {[%emt 0:00:04]} 24. Kf2 {[%emt 0:00:03]} Rbd8 {[%emt 0:00:02]} 25. Nf3 {[%emt 0:00:04]} Be4 {[%emt 0:00:02]} 26. Ng5 {[%emt 0:00:03]} Bc6 {[%emt 0:00:05]} 27. a3 {[%emt 0:00:08]} Rd2+ {[%emt 0:00:02]} 28. Re2 {[%emt 0:00:02]} Red8 {[%emt 0:00:03]} 29. Rc2 {[%emt 0:00:04]} R2d5 {[%emt 0:00:06]} 30. Nf3 {[%emt 0:00:05]} Rf5 {[%emt 0:00:03]} 31. Kg3 {[%emt 0:00:04]} h6 {[%emt 0:00:03]} 32. Nd4 {[%emt 0:00:03]} Rg5+ {[%emt 0:00:01]} 33. Kf2 {[%emt 0:00:01]} Rxg2+ {[%emt 0:00:01]} 34. Kf1 {[%emt 0:00:04]} Rxe2 {[%emt 0:00:02]} 35. Kxe2 {[%emt 0:00:04]} Be4 {[%emt 0:00:06]} 36. Rc7 {[%emt 0:00:04]} Re8 {[%emt 0:00:06]} 37. Nb3 {[%emt 0:00:05]} Bc6 {[%emt 0:00:04]} 38. Na5 {[%emt 0:00:03]} Bb5+ {[%emt 0:00:06]} 39. Kd2 {[%emt 0:00:06]} b6 {[%emt 0:00:01]} 40. Nc6 {[%emt 0:00:07]} Re6 {[%emt 0:00:08]} 41. Nd4 {[%emt 0:00:04]} Rd6 {[%emt 0:00:02]} 42. Kc3 {[%emt 0:00:02]} Bf1 {[%emt 0:00:03]} 43. Rc6 {[%emt 0:00:05]} Rg6 {[%emt 0:00:14]} 44. Rxg6 {[%emt 0:00:04]} fxg6 {[%emt 0:00:00]} 45. Ne6 {[%emt 0:00:04]} Kf7 {[%emt 0:00:01]} 46. Nc7 {[%emt 0:00:02]} a5 {[%emt 0:00:01]} 47. Nd5 {[%emt 0:00:01]} b5 {[%emt 0:00:02]} 48. Nc7 {[%emt 0:00:05]} Kf6 {[%emt 0:00:06]} 49. Kd4 {[%emt 0:00:01]} Kf5 {[%emt 0:00:01]} 50. Kc5 {[%emt 0:00:01]} Ke4 {[%emt 0:00:01]} 51. Nxb5 {[%emt 0:00:00]} Kxe3 {[%emt 0:00:01]} 52. Nc3 {[%emt 0:00:03]} Kd2 {[%emt 0:00:01]} 53. Ne4+ {[%emt 0:00:02]} Kc1 {[%emt 0:00:03]} 54. b4 {[%emt 0:00:02]} axb4 {[%emt 0:00:01]} 55. axb4 {[%emt 0:00:00]} Bg2 {[%emt 0:00:02]} 56. Nd6 {[%emt 0:00:01]} g5 {[%emt 0:00:01]} 57. Ne8 {[%emt 0:00:01]} g6 {[%emt 0:00:01]} 58. Nd6 {[%emt 0:00:03]} h5 {[%emt 0:00:01]} 59. Nf7 {[%emt 0:00:02]} g4 {[%emt 0:00:01]} 60. Ne5 {[%emt 0:00:01]} g5 {[%emt 0:00:01]} 61. Nf7 {[%emt 0:00:01]} h4 {[%emt 0:00:01]} 62. Nxg5 {[%emt 0:00:01]} g3 {[%emt 0:00:01]} 63. hxg3 {[%emt 0:00:04]} hxg3 {[%emt 0:00:00]} 64. Ne6 {[%emt 0:00:02]} Ba8 {[%emt 0:00:05] ' ' '} 65. Nd4 {[%emt 0:00:01]} Kd2 {[%emt 0:00:03] Time Time Time (Lag: Av=0.45s, max=0.8s) (Lag: Av=0.45s, max=0.8s) (Lag: Av=0.45s, max=0.8s)} 0-1

[Event "399 Stay Safe Play From Home series"]
[Site "Emanuel Lasker Arena"]
[Date "2020.08.20"]
[Round "8"]
[White "AChessPlayer"]
[Black "Aerocot"]
[Result "1-0"]
[WhiteElo "2439"]
[BlackElo "1663"]
[PlyCount "63"]
[EventDate "2020.08.20"]
[EventType "swiss (blitz)"]

1. e4 {[%emt 0:00:02]} e5 {[%emt 0:00:25]} 2. Nf3 {[%emt 0:00:03]} Nc6 {[%emt 0:00:00]} 3. Bb5 {[%emt 0:00:01]} Nge7 {[%emt 0:00:01]} 4. c3 {[%emt 0:00:09]} g6 {[%emt 0:00:02]} 5. d4 {[%emt 0:00:03]} exd4 {[%emt 0:00:01]} 6. cxd4 {[%emt 0:00:16]} Bg7 {[%emt 0:00:01]} 7. d5 {[%emt 0:00:02]} Ne5 {[%emt 0:00:01]} 8. Nxe5 {[%emt 0:00:03]} Bxe5 {[%emt 0:00:03]} 9. Nc3 {[%emt 0:00:05]} O-O {[%emt 0:00:02]} 10. Bh6 {[%emt 0:00:05]} Bg7 {[%emt 0:00:06]} 11. Qd2 {[%emt 0:00:05]} c6 {[%emt 0:00:02]} 12. Ba4 {[%emt 0:00:25]} cxd5 {[%emt 0:00:02]} 13. O-O {[%emt 0:00:16]} dxe4 {[%emt 0:00:02]} 14. Bxg7 {[%emt 0:00:01]} Kxg7 {[%emt 0:00:04]} 15. Nxe4 {[%emt 0:00:01]} d5 {[%emt 0:00:02]} 16. Qd4+ {[%emt 0:00:01]} f6 {[%emt 0:00:06]} 17. Nc3 {[%emt 0:00:05]} Be6 {[%emt 0:00:07]} 18. Rfe1 {[%emt 0:00:01]} Bf7 {[%emt 0:00:03]} 19. Rad1 {[%emt 0:00:01]} Qb6 {[%emt 0:00:09]} 20. Qxb6 {[%emt 0:00:03]} axb6 {[%emt 0:00:02]} 21. Rxe7 {[%emt 0:00:00]} d4 {[%emt 0:00:03]} 22. Rxd4 {[%emt 0:00:02]} Rae8 {[%emt 0:00:02]} 23. Bxe8 {[%emt 0:00:02]} Rxe8 {[%emt 0:00:03]} 24. Rxe8 {[%emt 0:00:01]} Bxe8 {[%emt 0:00:01]} 25. Rb4 {[%emt 0:00:01]} Bc6 {[%emt 0:00:02]} 26. Rxb6 {[%emt 0:00:01]} f5 {[%emt 0:00:01]} 27. a4 {[%emt 0:00:00]} h6 {[%emt 0:00:02]} 28. a5 {[%emt 0:00:00]} Be4 {[%emt 0:00:09]} 29. Nxe4 {[%emt 0:00:01]} fxe4 {[%emt 0:00:00]} 30. Rxb7+ {[%emt 0:00:00]} Kf6 {[%emt 0:00:00]} 31. a6 {[%emt 0:00:00]} Kg5 {[%emt 0:00:01]} 32. a7 {[%emt 0:00:01] Aerocot resigns Aerocot resigns Aerocot resigns (Lag: Av=1.02s, max=2.3s) (Lag: Av=1.02s, max=2.3s) (Lag: Av=1.02s, max=2.3s)} 1-0

[Event "399 Stay Safe Play From Home series"]
[Site "Emanuel Lasker Arena"]
[Date "2020.08.20"]
[Round "8"]
[White "Mepe_Nika"]
[Black "Matematyk3"]
[Result "1-0"]
[WhiteElo "2333"]
[BlackElo "1493"]
[PlyCount "53"]
[EventDate "2020.08.20"]
[EventType "swiss (blitz)"]

1. e4 {[%emt 0:00:04]} c5 {[%emt 0:00:01]} 2. Nc3 {[%emt 0:00:01]} Nc6 {[%emt 0:00:01]} 3. Bb5 {[%emt 0:00:01]} Qb6 {[%emt 0:00:02]} 4. f4 {[%emt 0:00:04]} a6 {[%emt 0:00:03]} 5. Bxc6 {[%emt 0:00:01]} Qxc6 {[%emt 0:00:01]} 6. Nf3 {[%emt 0:00:00]} d6 {[%emt 0:00:01]} 7. O-O {[%emt 0:00:01]} Nf6 {[%emt 0:00:01]} 8. e5 {[%emt 0:00:04]} dxe5 {[%emt 0:00:02]} 9. fxe5 {[%emt 0:00:00]} Nd7 {[%emt 0:00:02]} 10. Re1 {[%emt 0:00:03]} e6 {[%emt 0:00:01]} 11. d3 {[%emt 0:00:03]} Be7 {[%emt 0:00:02]} 12. Bg5 {[%emt 0:00:03]} Bxg5 {[%emt 0:00:02]} 13. Nxg5 {[%emt 0:00:00]} h6 {[%emt 0:00:01]} 14. Nf3 {[%emt 0:00:02]} O-O {[%emt 0:00:01]} 15. Ne4 {[%emt 0:00:00]} Qc7 {[%emt 0:00:03]} 16. Ng3 {[%emt 0:00:12] Matematyk3 reconnected. Matematyk3 reconnected. Matematyk3 reconnected.} Qb6 {[%emt 0:00:08]} 17. b3 {[%emt 0:00:05]} c4+ {[%emt 0:00:02]} 18. Kh1 {[%emt 0:00:02]} cxb3 {[%emt 0:00:01]} 19. axb3 {[%emt 0:00:01]} Rd8 {[%emt 0:00:10]} 20. Ra4 {[%emt 0:00:01]} Nc5 {[%emt 0:00:02]} 21. Rg4 {[%emt 0:00:03]} Kh8 {[%emt 0:00:04]} 22. Nh5 {[%emt 0:00:03]} Rg8 {[%emt 0:00:03]} 23. Qd2 {[%emt 0:00:01]} Qd8 {[%emt 0:00:21]} 24. Nf6 {[%emt 0:00:49]} Rf8 {[%emt 0:00:14]} 25. Rh4 {[%emt 0:00:03]} Ne4 {[%emt 0:00:10]} 26. Rxh6+ {[%emt 0:00:03]} gxh6 {[%emt 0:00:04]} 27. Qxh6# {[%emt 0:00:00] (Lag: Av=4.12s, max=97.5s) (Lag: Av=4.12s, max=97.5s) (Lag: Av=4.12s, max=97.5s)} 1-0

[Event "399 Stay Safe Play From Home series"]
[Site "Emanuel Lasker Arena"]
[Date "2020.08.20"]
[Round "8"]
[White "Padmaesh M K"]
[Black "Klasman"]
[Result "1-0"]
[WhiteElo "1836"]
[BlackElo "1558"]
[Annotator "NA"]
[PlyCount "29"]
[EventDate "2020.08.20"]
[EventType "swiss (blitz)"]

1. Nf3 {[%emt 0:00:05]} d5 {[%emt 0:02:36]} 2. d4 {[%emt 0:00:03]} e6 {[%emt 0:00:01]} 3. c4 {[%emt 0:00:01]} Nf6 {[%emt 0:00:01]} 4. Nc3 {[%emt 0:00:01]} c6 {[%emt 0:00:01]} 5. cxd5 {[%emt 0:00:00]} exd5 {[%emt 0:00:01]} 6. Bg5 {[%emt 0:00:01]} Bb4 {[%emt 0:00:02]} 7. e3 {[%emt 0:00:01]} Qa5 {[%emt 0:00:01]} 8. Qc2 {[%emt 0:00:02]} Ne4 {[%emt 0:00:01]} 9. Rc1 {[%emt 0:00:05]} h6 {[%emt 0:00:03]} 10. Bh4 {[%emt 0:00:02]} g5 {[%emt 0:00:01]} 11. Bg3 {[%emt 0:00:02]} Nxg3 {[%emt 0:00:01]} 12. hxg3 {[%emt 0:00:01]} Nd7 {[%emt 0:00:04]} 13. a3 {[%emt 0:00:02]} Bxc3+ {[%emt 0:00:04]} 14. Qxc3 {[%emt 0:00:00]} Qxc3+ {[%emt 0:00:02]} 15. Rxc3 {[%emt 0:00:00] (Lag: Av=0.51s, max=0.8s) (Lag: Av=0.51s, max=0.8s) (Lag: Av=0.51s, max=0.8s)} 1-0

[Event "399 Stay Safe Play From Home series"]
[Site "Emanuel Lasker Arena"]
[Date "2020.08.20"]
[Round "8"]
[White "Kongle"]
[Black "ionelluca"]
[Result "0-1"]
[WhiteElo "1788"]
[BlackElo "2000"]
[PlyCount "66"]
[EventDate "2020.08.20"]
[EventType "swiss (blitz)"]

1. d4 {[%emt 0:00:10]} Nf6 {[%emt 0:00:08]} 2. c4 {[%emt 0:00:01]} e6 {[%emt 0:00:01]} 3. Nc3 {[%emt 0:00:01]} Bb4 {[%emt 0:00:01]} 4. Bg5 {[%emt 0:00:01]} c5 {[%emt 0:00:02]} 5. e3 {[%emt 0:00:01]} Qa5 {[%emt 0:00:06]} 6. Bxf6 {[%emt 0:00:04]} Bxc3+ {[%emt 0:00:02]} 7. bxc3 {[%emt 0:00:01]} Qxc3+ {[%emt 0:00:01]} 8. Ke2 {[%emt 0:00:01]} gxf6 {[%emt 0:00:02]} 9. Rc1 {[%emt 0:00:02]} Qa3 {[%emt 0:00:01]} 10. Qc2 {[%emt 0:00:03]} Nc6 {[%emt 0:00:03]} 11. Nf3 {[%emt 0:00:09]} d6 {[%emt 0:00:11]} 12. Rb1 {[%emt 0:00:23]} Qa5 {[%emt 0:00:05]} 13. Rb5 {[%emt 0:00:05]} Qa3 {[%emt 0:00:01]} 14. Rb3 {[%emt 0:00:02]} Qa6 {[%emt 0:00:03]} 15. a3 {[%emt 0:00:21]} b6 {[%emt 0:00:02]} 16. Kd1 {[%emt 0:00:04]} Na5 {[%emt 0:00:02]} 17. Rc3 {[%emt 0:00:02]} Bd7 {[%emt 0:00:01]} 18. Bd3 {[%emt 0:00:05]} Qb7 {[%emt 0:00:05]} 19. Ke2 {[%emt 0:00:04]} Rc8 {[%emt 0:00:03]} 20. d5 {[%emt 0:00:05]} exd5 {[%emt 0:00:06]} 21. cxd5 {[%emt 0:00:02]} Qxd5 {[%emt 0:00:01]} 22. Be4 {[%emt 0:00:07]} Qh5 {[%emt 0:00:02]} 23. h3 {[%emt 0:00:03]} f5 {[%emt 0:00:12]} 24. Bd3 {[%emt 0:00:06]} Nc6 {[%emt 0:00:02]} 25. Rg1 {[%emt 0:00:05]} Rg8 {[%emt 0:00:03]} 26. Bb5 {[%emt 0:00:10]} Kf8 {[%emt 0:00:17]} 27. g4 {[%emt 0:00:07]} fxg4 {[%emt 0:00:05]} 28. hxg4 {[%emt 0:00:02]} Rxg4 {[%emt 0:00:05]} 29. Rxg4 {[%emt 0:00:03]} Bxg4 {[%emt 0:00:02]} 30. Qe4 {[%emt 0:00:01]} Ne5 {[%emt 0:00:06]} 31. Ba6 {[%emt 0:00:23]} Bxf3+ {[%emt 0:00:02]} 32. Kd2 {[%emt 0:00:02]} Bxe4 {[%emt 0:00:03]} 33. Bxc8 {[%emt 0:00:02]} Qf3 {[%emt 0:00:02] Time Time Time (Lag: Av=0.79s, max=1.8s) (Lag: Av=0.79s, max=1.8s) (Lag: Av=0.79s, max=1.8s)} 0-1

[Event "399 Stay Safe Play From Home series"]
[Site "Emanuel Lasker Arena"]
[Date "2020.08.20"]
[Round "9"]
[White "ionelluca"]
[Black "Klasman"]
[Result "1-0"]
[WhiteElo "2008"]
[BlackElo "1552"]
[PlyCount "59"]
[EventDate "2020.08.20"]
[EventType "swiss (blitz)"]

1. e4 {[%emt 0:00:06]} f5 {[%emt 0:00:01]} 2. Nc3 {[%emt 0:00:04]} Nf6 {[%emt 0:00:05]} 3. e5 {[%emt 0:00:01]} Ng4 {[%emt 0:00:01]} 4. d4 {[%emt 0:00:02]} e6 {[%emt 0:00:07]} 5. h3 {[%emt 0:00:02]} Qh4 {[%emt 0:00:07]} 6. g3 {[%emt 0:00:26]} Qh5 {[%emt 0:00:11]} 7. Bg2 {[%emt 0:00:01]} Bb4 {[%emt 0:00:35]} 8. hxg4 {[%emt 0:00:04]} Qxg4 {[%emt 0:00:01]} 9. Qxg4 {[%emt 0:00:04]} Bxc3+ {[%emt 0:00:02]} 10. bxc3 {[%emt 0:00:02]} fxg4 {[%emt 0:00:01]} 11. Be4 {[%emt 0:00:02]} h6 {[%emt 0:00:14]} 12. Rh4 {[%emt 0:00:08]} O-O {[%emt 0:00:12]} 13. Rxg4 {[%emt 0:00:02]} Kh8 {[%emt 0:00:08]} 14. Be3 {[%emt 0:00:01]} d5 {[%emt 0:00:03]} 15. Bd3 {[%emt 0:00:09]} c5 {[%emt 0:00:03]} 16. Kd2 {[%emt 0:00:06]} Nc6 {[%emt 0:00:01]} 17. Rb1 {[%emt 0:00:03]} g5 {[%emt 0:00:04]} 18. Nh3 {[%emt 0:00:04]} Kg7 {[%emt 0:00:04]} 19. Rh1 {[%emt 0:00:04]} c4 {[%emt 0:00:03]} 20. Be2 {[%emt 0:00:02]} Ne7 {[%emt 0:00:14]} 21. f4 {[%emt 0:00:04]} Nf5 {[%emt 0:00:16]} 22. fxg5 {[%emt 0:00:03]} Nxe3 {[%emt 0:00:02]} 23. gxh6+ {[%emt 0:00:02]} Kh7 {[%emt 0:00:05]} 24. Kxe3 {[%emt 0:00:03]} Bd7 {[%emt 0:00:04]} 25. Ng5+ {[%emt 0:00:01]} Kh8 {[%emt 0:00:05]} 26. Nf3 {[%emt 0:00:07]} Rg8 {[%emt 0:00:02]} 27. Nh4 {[%emt 0:00:02]} Rxg4 {[%emt 0:00:03]} 28. Bxg4 {[%emt 0:00:01]} Rg8 {[%emt 0:00:02]} 29. Kf4 {[%emt 0:00:05]} Kh7 {[%emt 0:00:02]} 30. Nf3 {[%emt 0:00:03] Time Time Time (Lag: Av=0.51s, max=0.8s) (Lag: Av=0.51s, max=0.8s) (Lag: Av=0.51s, max=0.8s)} 1-0